Statistiques concernant Villes de la Région Pokémon de Almia sur la carte

Cliquez ici pour prendre le quiz!

Statistiques générales

  • Ce quiz a été pris 45 fois
  • Le résultat moyen est 6 sur 10

Réponses sur la Carte

Les réponses sont colorées sur une échelle allant du rouge au vert en fonction du pourcentage des utilisateurs qui les ont devinées à leur premier essai. Vous pouvez retrouver ces pourcentages ci-dessous.
 

Statistiques - réponses

Réponse% Correct
Bonport
79%
Bourg-Chicore
71%
Campement Froidur
57%
École des Rangers
54%
Loyau S.A.
54%
Terruptive
54%
Fédération Ranger
50%
Véterville
46%
Village Alorize
46%
Stade de Capture
43%

Distribution des résultats

Percentile par nombre de réponses

% des personnes avec chaque résultat

Votre développement - résultats

Vous n’avez pas pris ce quiz